Is it worth it? (Record no. 118375)
[ view plain ]
| 000 -LEADER | |
|---|---|
| fixed length control field | 01293cam a2200241 4500 |
| 001 - CONTROL NUMBER | |
| control field | ABS68428 |
| 008 - FIXED-LENGTH DATA ELEMENTS--GENERAL INFORMATION | |
| fixed length control field | 041125n2004 000 0 eng u |
| 035 ## - SYSTEM CONTROL NUMBER | |
| System control number | (Sirsi) u128130 |
| 100 ## - MAIN ENTRY--PERSONAL NAME | |
| Personal name | Wood, T. |
| 245 ## - TITLE STATEMENT | |
| Title | Is it worth it? |
| 260 ## - PUBLICATION, DISTRIBUTION, ETC. | |
| Date of publication, distribution, etc. | 2004 |
| 490 ## - SERIES STATEMENT | |
| Series statement | Building |
| Volume/sequential designation | 269(8355) 29 October 2004 56-57(2) |
| 520 ## - SUMMARY, ETC. | |
| Summary, etc. | Discusses the increasing cost of going to adjudication with reference to research which shows that there was an increase in the number of adjudicators whose charge out rate fell within the higher bracket of £101-£125 an hour and further notes that there has also been an increase in adjudicators' total fees. The concern that the fees are not in proportion to the sums at issue has encouraged Hammonds in association with "Building" to carry out a survey to gain data about the level of adjudicators' fees and whether the fee is proportional to the sum being claimed. Readers are invited to keep or record relevant information and then complete the survey electronically or in paper form. |
| 590 ## - LOCAL NOTE (RLIN) | |
| Local note | ABS |
| 590 ## - LOCAL NOTE (RLIN) | |
| Local note | ABS |
| 650 ## - SUBJECT ADDED ENTRY--TOPICAL TERM | |
| Topical term or geographic name entry element | ADJUDICATION |
| 650 ## - SUBJECT ADDED ENTRY--TOPICAL TERM | |
| Topical term or geographic name entry element | ADJUDCATION REPORT CENTRE |
| 650 ## - SUBJECT ADDED ENTRY--TOPICAL TERM | |
| Topical term or geographic name entry element | SCHEME FOR CONSTRUCTION CONTRACTS |
| 650 ## - SUBJECT ADDED ENTRY--TOPICAL TERM | |
| Topical term or geographic name entry element | COST EFFECTIVENESS |
| 650 ## - SUBJECT ADDED ENTRY--TOPICAL TERM | |
| Topical term or geographic name entry element | SMALL CLAIMS |
| 690 ## - LOCAL SUBJECT ADDED ENTRY--TOPICAL TERM (OCLC, RLIN) | |
| Topical term or geographic name as entry element | DISPUTE RESOLUTION |
| 9 (RLIN) | 6236 |
| 942 ## - ADDED ENTRY ELEMENTS (KOHA) | |
| Suppress in OPAC | 0 |
| Withdrawn status | Lost status | Source of classification or shelving scheme | Damaged status | Not for loan | Home library | Current library | Shelving location | Date acquired | Total Checkouts | Full call number | Barcode | Date last seen | Copy number | Price effective from | Koha item type |
|---|---|---|---|---|---|---|---|---|---|---|---|---|---|---|---|
| Dewey Decimal Classification | London | London | Journal article | 25/11/2004 | ABS68428 | 128130-1001 | 06/08/2019 | 1 | 06/08/2019 | Journal article |